000 01028cam a2200313 i 4500
999 _c151138
_d27972
001 151138
003 TR-AnTOB
005 20240827155812.0
007 ta
008 090121s1958 tu d 000 0 tur d
040 _aTR-AnTOB
_beng
_erda
_cTR-AnTOB
041 0 _atur
050 _aHD9623.T8
090 _aHD9623.T8
099 _aTOBB TURC 1958
110 2 _aTürkiye Ticaret Odaları, Sanayi Odaları ve Ticaret Borsaları Birliği
_965593
245 1 0 _aTürkiye'de cam sanayii /
_cTürkiye Ticaret Odaları, Sanayi Odaları ve Ticaret Borsaları Birliği.
264 1 _aAnkara :
_bTürkiye Ticaret Odaları, Sanayi Odaları ve Ticaret Borsaları Birliği,
_c1958.
300 _a29 pages :
_bcharts, tables ;
_c24 cm
336 _atext
_btxt
_2rdacontent
337 _aunmediated
_bn
_2rdamedia
338 _avolume
_bnc
_2rdacarrier
650 7 _aCam ticareti
_zTürkiye
_2etuturkob
_9134824
902 _aTA01163 (013514)
903 _aTOBB Yayınları Arşivi
942 _2lcc
_cBK
945 _aAY